00247nam a2200097 a 450000500170000000800410001724500430005826000180010199900170011904000130013620200930073743.0111006s1844 000 spa d 3aLa funesta influencia del positivismo. as. l.,c1844. c34027d34027 aDO-SdBNP